| 000 | 00351nam a2200145Ia 4500 | ||
|---|---|---|---|
| 008 | 230917s9999||||xx |||||||||||||| ||und|| | ||
| 040 |
_e176108 _aMAIN |
||
| 041 | _aEnglish | ||
| 082 | _a709 G959K | ||
| 100 | _aGupt, Rameshchandra | ||
| 245 | 0 | _aKala: Itihas ke aayam | |
| 260 |
_aDelhi _bUrmila Publications _c1991 |
||
| 300 | _a76 p. | ||
| 942 | _cHN | ||
| 999 |
_c64810 _d64810 |
||